Книгопечатание на Волыни: в Остроге (Запис № 407975)

МАРК-запис
000 -LEADER
fixed length control field 00843caa a22002417a 4500
001 - CONTROL NUMBER
control field 121996
003 - CONTROL NUMBER IDENTIFIER
control field UA-OsUOA
005 - DATE AND TIME OF LATEST TRANSACTION
control field 20200224162642.0
007 - PHYSICAL DESCRIPTION FIXED FIELD--GENERAL INFORMATION
fixed length control field ta
008 - FIXED-LENGTH DATA ELEMENTS--GENERAL INFORMATION
fixed length control field 20170407b un ||||| |||| 00| 0 ukr d
040 ## - CATALOGING SOURCE
Original cataloging agency UA-OsUOA
Language of cataloging ukr
Transcribing agency UA-OsUOA
Modifying agency UA-OsUOA
041 ## - LANGUAGE CODE
Language code of text/sound track or separate title ukr
080 ## - UNIVERSAL DECIMAL CLASSIFICATION NUMBER
Universal Decimal Classification number 908
090 ## - LOCALLY ASSIGNED LC-TYPE CALL NUMBER (OCLC); LOCAL CALL NUMBER (OCLC)
Classification number (OCLC) (R) ; Classification number, CALL (RLIN) (NR) 908
Local cutter number (OCLC) ; Book number/undivided call number, CALL (RLIN) М17
100 ## - MAIN ENTRY--PERSONAL NAME
Personal name Максимович М.
245 ## - TITLE STATEMENT
Title Книгопечатание на Волыни: в Остроге
Statement of responsibility, etc М. Максимович
300 ## - PHYSICAL DESCRIPTION
Extent С. 303–307
650 #7 - SUBJECT ADDED ENTRY--TOPICAL TERM
Topical term or geographic name as entry element 908 Краєзнавство
Source of heading or term UDC
773 0# - HOST ITEM ENTRY
Host Biblionumber 314656
Host Itemnumber 325228
Main entry heading Максимович М. О.
Place, publisher, and date of publication К. Либідь 1994
Other item identifier 80798
Title Киев явился градомъ Великимъ...
Record control number (UA-OsUOA) 28292
International Standard Book Number 5-325-00534-0
942 ## - ADDED ENTRY ELEMENTS (KOHA)
Koha item type Складова частина документа
Source of classification or shelving scheme Universal Decimal Classification
955 ## - COPY-LEVEL INFORMATION (RLIN)
Classification number, CCAL (RLIN) Наукові видання

Немає доступних примірників.